000
00289nam a22001337a 4500
008
171102b xxu||||| |||| 00| 0 eng d
020
_a
9780471593645
041
_a
eng
080
_a
530.14
100
_a
59
101
_a
KAP
245
_a
INTERNAL MARKETS
_c
HALAL, W.E
942
_2
udc
_c
BK
999
_c
37162
_d
37162